000 00310 a2200145 4500
001 176029
020 _a
040 _cMagnum
100 _aRodrigues, Iara
240 1 0 _aComo defender a ecologia
_lpor
245 1 0 _aComo defender a ecologia
362 0 _a1899
697 _aMAGNITO: ECOLOGIA
942 _cBK
999 _c176029
_d176029